Statistics for Trippie Redd Charting Songs (Billboard Hot 100)

Click here to take the quiz!

General Stats

  • This quiz has been taken 117 times
    (39 since last reset)
  • The average score is 18 of 35

Answer Stats

AlbumWeeks OnPeakArtist(s)Song% Correct
Trip at Knight11 Weeks#11Trippie Redd ft. Playboi CartiMiss the Rage
94%
1721 Weeks#28XXXTENTACION ft. Trippie ReddFuck Love
87%
Life's a Trip7 Weeks#72Trippie Redd ft. Travi$ ScottDark Knight Dummo
81%
A Love Letter to You 33 Weeks#55Trippie Redd ft. Juice WRLD1400 / 999 Freestyle
74%
A Love Letter to You 44 Weeks#60Trippie Redd ft. Juice WRLD & YNW Melly6 Kiss
68%
A Love Letter to You 47 Weeks#59Trippie Redd ft. DaBabyDeath
65%
A Love Letter to You 35 Weeks#52Trippie ReddTopanga
65%
Trip at Knight1 Week#94Trippie Redd ft. Ski Mask The Slump GodDemon Time
61%
Mansion Musik2 Weeks#52Trippie Redd ft. Juice WRLDKnight Crawler
61%
Trip at Knight2 Weeks#49Trippie Redd ft. Juice WRLDMatt Hardy 999
61%
Lil Boat 21 Week#73Lil Yachty ft. Trippie Redd66
58%
A Love Letter to You 51 Week#96Trippie Redd, Moneybagg Yo & OffsetBig 14
58%
!2 Weeks#64Trippie Redd ft. Lil Baby & Lil DukeMAC 10
58%
Trip at Knight1 Week#56Trippie Redd ft. Polo G & Lil DurkRich Mf
58%
Life's a Trip3 Weeks#46Trippie ReddTaking a Walk
58%
Bad Vibes Forever1 Week#85XXXTENTACION ft. PnB Rock & Trippie ReddBad Vibes Forever
55%
Fighting Demons1 Week#56Juice WRLD, Polo G & Trippie ReddFeline
55%
Trip at Knight3 Weeks#50Trippie Redd ft. Lil Uzi VertHoly Smokes
55%
B4 the Storm1 Week#79Internet Money ft. Juice WRLD & Trippie ReddBlastoff
52%
Trip at Knight1 Week#92Trippie Redd ft. XXXTENTACIONDanny Phantom
52%
Trip at Knight1 Week#67Trippie Redd ft. DrakeBetrayal
48%
A Love Letter to You 41 Week#84Trippie Redd ft. YoungBoy Never Broke AgainHate Me
48%
A Love Letter to You 51 Week#92Trippie Redd & Don ToliverAin't Safe
45%
A Love Letter to You 42 Weeks#79Trippie ReddLove Me More
45%
Trip at Knight1 Week#86Trippie Redd ft. SoFaygoMP5
45%
A Love Letter to You 31 Week#73Trippie ReddLove Scars 3
42%
!1 Week#87Trippie ReddSnake Skin
42%
!1 Week#94Trippie ReddUnder Enemy Arms
39%
A Love Letter to You 42 Weeks#58Trippie ReddWho Needs Love
39%
Mansion Musik1 Week#86Trippie Redd ft. Lil Baby & FutureFully Loaded
35%
Pegasus1 Week#80Trippie ReddWeeeeee
35%
Mansion Musik1 Week#90Trippie Redd ft. Travi$ ScottKrzy Train
32%
The Outsiders4 Weeks#38Juice WRLD & Trippie ReddTell Me U Luv Me
29%
A Love Letter to You 31 Week#98Trippie ReddToxic Waste
16%
A Love Letter to You 31 Week#89Trippie Redd ft. Kodie ShaneNegative Energy
13%

Score Distribution

Percentile by Number Answered

Percent of People with Each Score

Your Score History

You have not taken this quiz since the last reset